[Event "Lorca op 12th"]
[Site "Lorca"]
[Date "2023.12.29"]
[Round "7"]
[White "Patil, Priyanshu"]
[Black "Sharma, Dinesh Kumar"]
[Result "1/2-1/2"]
[WhiteElo "1902"]
[BlackElo "2207"]
[PlyCount "30"]
[EventDate "2023.12.26"]
[EventType "swiss"]
[EventRounds "9"]
[EventCountry "ESP"]
[SourceTitle "CB01_2024"]
[SourceDate "2024.01.03"]
[SourceVersion "1"]
[SourceVersionDate "2024.01.03"]
[SourceQuality "1"]

1. e4 c5 2. Nc3 d6 3. f4 g6 4. Nf3 Bg7 5. Bc4 Nc6 6. 0-0 e6 7. d4 cxd4 8. Nb5 a6 9. Nbxd4 Nxd4 10. Nxd4 Nf6 11. e5 dxe5 12. fxe5 Nd5 13. Nf3 0-0 14. Bxd5 Qxd5 15. Qxd5 exd5 1/2-1/2

[Event "Lorca op 12th"]
[Site "Lorca"]
[Date "2023.12.28"]
[Round "4"]
[White "Sharma, Dinesh Kumar"]
[Black "Kowalski, Igor"]
[Result "0-1"]
[WhiteElo "2207"]
[BlackElo "2375"]
[PlyCount "96"]
[EventDate "2023.12.26"]
[EventType "swiss"]
[EventRounds "9"]
[EventCountry "ESP"]
[SourceTitle "CB01_2024"]
[SourceDate "2024.01.03"]
[SourceVersion "1"]
[SourceVersionDate "2024.01.03"]
[SourceQuality "1"]

1. e4 g6 2. d4 Bg7 3. Nc3 d6 4. Bc4 Nf6 5. Qe2 Nc6 6. e5 Nxd4 7. exf6 Nxe2 8. fxg7 Rg8 9. Ngxe2 Rxg7 10. Bg5 c6 11. 0-0-0 Qa5 12. h4 Be6 13. Bxe6 fxe6 14. Rhe1 e5 15. f4 0-0-0 16. fxe5 dxe5 17. Rxd8+ Kxd8 18. Ng3 Rf7 19. Nge4 Kc8 20. a3 b6 21. Be3 Qa6 22. Nd2 c5 23. Nf3 Rf5 24. Bg5 Qb7 25. Ne4 Qc7 26. c4 a6 27. Nc3 e6 28. Re2 Qg7 29. Ne4 Kc7 30. Kc2 Qd7 31. Rd2 Qc6 32. Kd3 Qa4 33. Kc3 b5 34. Kd3 Qxc4+ 35. Ke3 b4 36. axb4 cxb4 37. Bd8+ Kb8 38. Be7 Rf4 39. Bd6+ Ka8 40. Nc5 Rg4 41. Kf2 e4 42. Ne5 Qc1 43. Nb3 e3+ 44. Kxe3 Qe1+ 45. Re2 Re4+ 46. Kxe4 Qxe2+ 47. Kf4 Qxb2 48. Nc5 Qd2+ 0-1

[Event "Sitges Sunway op 10th"]
[Site "Sitges"]
[Date "2023.12.15"]
[Round "4"]
[White "Sharma, Dinesh Kumar"]
[Black "Deuer, Marius"]
[Result "0-1"]
[WhiteElo "2207"]
[BlackElo "2422"]
[PlyCount "104"]
[EventDate "2023.12.12"]
[EventType "swiss"]
[EventRounds "10"]
[EventCountry "ESP"]
[SourceTitle "CB52_2023"]
[SourceDate "2023.12.27"]
[SourceVersion "1"]
[SourceVersionDate "2023.12.27"]
[SourceQuality "1"]

1. e4 c6 2. d4 d5 3. e5 Bf5 4. h4 h5 5. Bd3 Bxd3 6. Qxd3 Qa5+ 7. Nd2 e6 8. Ngf3 Qa6 9. c4 Nh6 10. 0-0 Nf5 11. b3 Be7 12. a4 Qa5 13. Rd1 Nxh4 14. Nxh4 Bxh4 15. Ba3 Qd8 16. b4 Be7 17. b5 0-0 18. cxd5 cxd5 19. Rdc1 Nd7 20. a5 Re8 21. Bxe7 Rxe7 22. Qc2 Nf8 23. Qc5 Ng6 24. Nf3 Rd7 25. b6 axb6 26. axb6 Rxa1 27. Rxa1 f6 28. exf6 gxf6 29. Ra7 Kg7 30. g3 e5 31. Qb5 Re7 32. Ra5 Rd7 33. Ra8 Qe7 34. Kg2 e4 35. Nd2 Qe6 36. Nf1 f5 37. Rc8 Kh6 38. Rc7 Rd8 39. Ne3 f4 40. Qb3 h4 41. g4 Kg5 42. Nf5 e3 43. fxe3 Qe4+ 44. Kh2 f3 45. Rc1 Kxg4 46. Nh6+ Kh5 47. Nf7 Rd7 48. Rc7 Qg4 49. Qc2 Rxf7 50. Rxf7 Qg3+ 51. Kh1 Qe1+ 52. Kh2 Qe2+ 0-1

[Event "Kavala op 32nd"]
[Site "Kavala"]
[Date "2023.07.28"]
[Round "1"]
[White "Sharma, Dinesh Kumar"]
[Black "Bai, Jinshi"]
[Result "1/2-1/2"]
[WhiteElo "2203"]
[BlackElo "2572"]
[PlyCount "87"]
[EventDate "2023.07.28"]
[EventType "swiss"]
[EventRounds "9"]
[EventCountry "GRE"]
[SourceTitle "CBM 215 Extra"]
[Source "ChessBase"]
[SourceDate "2023.09.30"]
[SourceVersion "1"]
[SourceVersionDate "2023.09.30"]
[SourceQuality "1"]

1. e4 c5 2. Nf3 e6 3. d4 cxd4 4. Nxd4 Nc6 5. Nc3 a6 6. Be2 d6 7. 0-0 Nf6 8. Be3 Be7 9. f4 0-0 10. a4 Bd7 11. Nb3 Nb4 12. a5 Bc6 13. Bb6 Qc8 14. Bd3 Nd7 15. Be3 Nc5 16. Nxc5 dxc5 17. Bc4 Qc7 18. Qe2 Rad8 19. Rfd1 Rd4 20. Bd3 Rfd8 21. Bxd4 cxd4 22. Nb1 Qxf4 23. Nd2 Qe3+ 24. Qxe3 dxe3 25. Nc4 Bb5 26. b3 Bc5 27. Kf1 f5 28. exf5 Rf8 29. Be4 exf5 30. Bd5+ Nxd5 31. Rxd5 Bb4 32. Rxb5 axb5 33. Nxe3 Rd8 34. Ke2 f4 35. Nf1 Rc8 36. c4 bxc4 37. bxc4 Rxc4 38. g3 Rc2+ 39. Kd3 Rc3+ 40. Ke4 f3 41. Rb1 Bxa5 42. Rxb7 g6 43. Rb2 Kf7 44. Ne3 1/2-1/2

[Event "Belgrade Serbia op"]
[Site "Belgrade"]
[Date "2023.07.24"]
[Round "9"]
[White "Shoshin, Kirill"]
[Black "Sharma, Dinesh Kumar"]
[Result "0-1"]
[WhiteElo "2314"]
[BlackElo "2182"]
[PlyCount "52"]
[EventDate "2023.07.16"]
[EventType "swiss"]
[EventRounds "9"]
[EventCountry "SRB"]
[SourceTitle "EXT 2024"]
[Source "ChessBase"]
[SourceDate "2023.10.10"]
[SourceVersion "1"]
[SourceVersionDate "2023.10.10"]
[SourceQuality "1"]

1. d4 d5 2. c4 c6 3. Nf3 Nf6 4. g3 e6 5. Bg2 dxc4 6. 0-0 Nbd7 7. a4 Be7 8. Na3 0-0 9. Nxc4 Nb6 10. Nce5 h6 11. Nd3 Nbd5 12. Nfe5 Nb4 13. Nc5 Qc7 14. Ned3 Nxd3 15. Nxd3 Rd8 16. Bf4 Qa5 17. Qc2 Rxd4 18. Rfd1 Rd8 19. b4 Qf5 20. Qc4 e5 21. Nxe5 Be6 22. Qc3 Nd5 23. Bxd5 cxd5 24. Rac1 Rac8 25. Qd4 Bf6 26. Qd3 g5 0-1

[Event "Belgrade Serbia op"]
[Site "Belgrade"]
[Date "2023.07.20"]
[Round "5"]
[White "Kalogridis, Antonios"]
[Black "Sharma, Dinesh Kumar"]
[Result "1/2-1/2"]
[WhiteElo "2328"]
[BlackElo "2182"]
[PlyCount "118"]
[EventDate "2023.07.16"]
[EventType "swiss"]
[EventRounds "9"]
[EventCountry "SRB"]
[SourceTitle "CBM 215 Extra"]
[Source "ChessBase"]
[SourceDate "2023.09.30"]
[SourceVersion "1"]
[SourceVersionDate "2023.09.30"]
[SourceQuality "1"]

1. d4 d5 2. c4 c6 3. Nf3 Nf6 4. Nc3 e6 5. Bg5 dxc4 6. e4 b5 7. e5 h6 8. Bh4 g5 9. Nxg5 hxg5 10. Bxg5 Be7 11. exf6 Bxf6 12. Be3 Na6 13. a4 Nc7 14. Qf3 Bd7 15. Be2 a6 16. Ne4 Nd5 17. Nxf6+ Qxf6 18. Qxf6 Nxf6 19. Bf4 Nd5 20. Bd6 f6 21. h4 Kf7 22. g3 Nb6 23. a5 Nd5 24. 0-0-0 Be8 25. h5 Rd8 26. Bc5 Kg7 27. Kc2 Bf7 28. b3 cxb3+ 29. Kxb3 f5 30. Kb2 Nf6 31. Be7 Rd7 32. h6+ Kg6 33. Bxf6 Kxf6 34. Rh4 Kg6 35. Rdh1 Kf6 36. Rc1 Rd6 37. Bf3 Be8 38. Kc3 e5 39. dxe5+ Kxe5 40. Kb4 Rd2 41. Bxc6 Bxc6 42. Rxc6 Rb2+ 43. Kc5 Rxf2 44. Kb6 b4 45. Kxa6 b3 46. Rb6 Ra2 47. Rxb3 Ra8+ 48. Kb7 R2xa5 49. Rb5+ Rxb5+ 50. Kxa8 Rd5 51. h7 Rd8+ 52. Kb7 Rh8 53. Kc7 Kf6 54. Kd7 Kg5 55. Rh1 Kf6 56. Rh2 Kf7 57. Kd6 Kf6 58. Kd5 Rd8+ 59. Kc4 Kg7 1/2-1/2

[Event "Titled Tuesday intern op 27th Jun Early"]
[Site "Chess.com INT"]
[Date "2023.06.27"]
[Round "5"]
[White "Sharma, Dinesh Kumar"]
[Black "Loebler, Heimo"]
[Result "1-0"]
[WhiteElo "2182"]
[BlackElo "2086"]
[PlyCount "77"]
[EventDate "2023.06.27"]
[EventType "swiss (blitz)"]
[EventRounds "11"]
[EventCountry "USA"]
[SourceTitle "EXT 2024"]
[Source "ChessBase"]
[SourceDate "2023.10.10"]
[SourceVersion "1"]
[SourceVersionDate "2023.10.10"]
[SourceQuality "1"]

1. e4 c5 2. Nf3 Nc6 3. d4 cxd4 4. Nxd4 e5 5. Nb5 d6 6. c4 Be6 7. N1c3 a6 8. Na3 g6 9. Be3 Bg7 10. Nc2 Nf6 11. Be2 0-0 12. 0-0 Rc8 13. f3 Qe7 14. Qd2 Rfd8 15. Rfd1 Ne8 16. Nd5 Bxd5 17. cxd5 Nb8 18. Bb6 Rd7 19. Na3 Nc7 20. Rac1 Rf8 21. Rc2 Na8 22. Be3 Rdd8 23. Rdc1 Nd7 24. Nc4 Nc5 25. Nxd6 Qxd6 26. Bxc5 Qd7 27. Bxf8 Rxf8 28. Kh1 f5 29. Bd3 h5 30. exf5 gxf5 31. Qg5 Qf7 32. d6 Kh7 33. Rc7 Qg6 34. Qxg6+ Kxg6 35. Rxb7 e4 36. fxe4 fxe4 37. Bxe4+ Kh6 38. d7 Bxb2 39. Rxb2 1-0

[Event "Titled Tuesday intern op 09th May Early"]
[Site "Chess.com INT"]
[Date "2023.05.09"]
[Round "5"]
[White "Kiseljova, Marya"]
[Black "Sharma, Dinesh Kumar"]
[Result "0-1"]
[WhiteElo "2031"]
[BlackElo "2198"]
[PlyCount "102"]
[EventDate "2023.05.09"]
[EventType "swiss (blitz)"]
[EventRounds "11"]
[EventCountry "USA"]
[SourceTitle "CBM 214 Extra"]
[Source "ChessBase"]
[SourceDate "2023.07.31"]
[SourceVersion "1"]
[SourceVersionDate "2023.07.31"]
[SourceQuality "1"]

1. d4 Nf6 2. c4 g6 3. Nc3 Bg7 4. e4 d6 5. Nf3 0-0 6. h3 Na6 7. Be2 e5 8. d5 Nc5 9. Qc2 a5 10. 0-0 Bd7 11. Be3 b6 12. b3 h6 13. a3 Nfxe4 14. Nxe4 Nxe4 15. Qxe4 Bf5 16. Qh4 g5 17. Qg3 Bg6 18. h4 f5 19. Bxg5 hxg5 20. Nxg5 Qf6 21. Ne6 Rf7 22. h5 Bh7 23. f4 Kh8 24. fxe5 dxe5 25. Rae1 Bh6 26. Qh3 Rg8 27. Kh1 f4 28. Bf3 Bf5 29. Qh2 Rg3 30. Be4 Rxb3 31. Bxf5 Qxf5 32. Rf3 Rb2 33. Ref1 e4 34. Rh3 e3 35. Rhf3 Qe4 36. Re1 e2 37. Qh4 Rd2 38. Qd8+ Kh7 39. Qh4 Rd1 40. Kh2 Rxe1 41. Qxe1 Rf5 42. Rf2 Qe5 43. Rxe2 Rxh5+ 44. Kg1 Qf5 45. Nxf4 Bxf4 46. Re7+ Kg6 47. Re8 Rh7 48. Re6+ Kg5 49. g3 Bd6 50. Qe3+ Kh5 51. Qe2+ Qg4 0-1

[Event "IND-ch 59th"]
[Site "New Delhi"]
[Date "2023.01.02"]
[Round "12"]
[White "Pradip, Tiwari"]
[Black "Sharma, Dinesh Kumar"]
[Result "1/2-1/2"]
[WhiteElo "1893"]
[BlackElo "2239"]
[PlyCount "112"]
[EventDate "2022.12.22"]
[EventType "swiss"]
[EventRounds "13"]
[EventCountry "IND"]
[SourceTitle "CBM 211 Extra"]
[Source "ChessBase"]
[SourceDate "2023.01.31"]
[SourceVersion "1"]
[SourceVersionDate "2023.01.31"]
[SourceQuality "1"]

1. e4 e6 2. d4 d5 3. exd5 exd5 4. Bd3 Nc6 5. c3 Bd6 6. Nf3 Nge7 7. 0-0 Bg4 8. Re1 Qd7 9. Nbd2 f6 10. b4 0-0 11. Qc2 Bf5 12. Nf1 Bxd3 13. Qxd3 Qf5 14. Qxf5 Nxf5 15. Bd2 h5 16. Ne3 Nce7 17. h4 Rfe8 18. Kf1 Kf7 19. Nxf5 Nxf5 20. Rxe8 Rxe8 21. Re1 Re4 22. g3 Ke6 23. Rd1 Kd7 24. a4 a6 25. Rb1 b6 26. Be1 Re8 27. Bd2 Ra8 28. Ke2 Re8+ 29. Kd3 b5 30. Ra1 Kc6 31. axb5+ axb5 32. Ng1 Rg8 33. Nf3 Kb7 34. Bc1 Re8 35. Bd2 c6 36. Ng1 Rg8 37. Nf3 Ra8 38. Rxa8 Kxa8 39. Ng1 Kb7 40. Ne2 Kc8 41. Bf4 Be7 42. Ng1 Kd7 43. Nh3 Ke6 44. Ke2 g6 45. Kf3 Bd6 46. Bd2 Ng7 47. Bf4 Be7 48. Bd2 Kf5 49. Nf4 Bd6 50. Ng2 Ne8 51. Ne3+ Ke6 52. Nd1 Be7 53. Kg2 Nd6 54. f3 Nc4 55. Bc1 Kf5 56. Nf2 g5 1/2-1/2

[Event "IND-ch 59th"]
[Site "New Delhi"]
[Date "2023.01.01"]
[Round "11"]
[White "Sharma, Dinesh Kumar"]
[Black "Shet, Prajwal P"]
[Result "1-0"]
[WhiteElo "2239"]
[BlackElo "2064"]
[PlyCount "281"]
[EventDate "2022.12.22"]
[EventType "swiss"]
[EventRounds "13"]
[EventCountry "IND"]
[SourceTitle "CBM 211 Extra"]
[Source "ChessBase"]
[SourceDate "2023.01.31"]
[SourceVersion "1"]
[SourceVersionDate "2023.01.31"]
[SourceQuality "1"]

1. e4 c5 2. Nc3 a6 3. Nf3 Nc6 4. d4 cxd4 5. Nxd4 e5 6. Nf5 d6 7. Ne3 Nf6 8. Bc4 Be7 9. 0-0 0-0 10. a4 Be6 11. Ned5 Rc8 12. Be3 Nd4 13. Bd3 Re8 14. a5 Bxd5 15. Nxd5 Ne6 16. Nb6 Rc7 17. b4 Nd4 18. c4 Nd7 19. Nd5 Rc8 20. Rb1 Ne6 21. g3 Bg5 22. f4 Bh6 23. Kh1 exf4 24. gxf4 Qh4 25. Qf3 Nc7 26. Bf2 Qd8 27. Ne3 g6 28. Bg3 Bg7 29. Rfd1 Qe7 30. Re1 b6 31. axb6 Nxb6 32. Bf2 Rb8 33. c5 dxc5 34. bxc5 Nd7 35. Rxb8 Nxb8 36. Nd5 Qd8 37. Bc4 Nc6 38. Rd1 Ne6 39. e5 Qa5 40. Nb6 Ne7 41. c6 Rf8 42. c7 Nxc7 43. Nd7 Rc8 44. Qb3 Nb5 45. Bxf7+ Kh8 46. Nb6 Rb8 47. Na4 Qc7 48. Qf3 Rf8 49. e6 Nd6 50. Nc5 Nxf7 51. exf7 Qc6 52. Qxc6 Nxc6 53. Ne6 Rxf7 54. Rd6 Ne7 55. Rxa6 h6 56. Ra7 Kg8 57. Ra8+ Kh7 58. Nxg7 Rxf4 59. Bg3 Re4 60. Ne8 Nd5 61. Rd8 g5 62. Rd7+ Re7 63. Rxd5 Rxe8 64. Rd6 Re2 65. Kg1 h5 66. Bf2 g4 67. Bg3 Kg7 68. Rb6 Rc2 69. Rd6 Ra2 70. Bh4 Rc2 71. Rd5 Kg6 72. Rg5+ Kh6 73. Rf5 Kg6 74. Rf6+ Kg7 75. Rf2 Rc6 76. Kg2 Kg6 77. Rb2 Rc3 78. Be1 Rd3 79. Bg3 Ra3 80. Rb6+ Kg5 81. Rb5+ Kg6 82. Bf2 Rd3 83. Re5 Rb3 84. Rd5 Rb2 85. Rd6+ Kg5 86. Rb6 Rc2 87. Rb5+ Kg6 88. Kf1 h4 89. Bxh4 Rxh2 90. Bg3 Rc2 91. Bf2 g3 92. Bxg3 Kf6 93. Bf2 Ke6 94. Kg2 Rc3 95. Bg3 Rd3 96. Re5+ Kf6 97. Re2 Kf5 98. Kh3 Rb3 99. Re5+ Kf6 100. Rc5 Rb4 101. Kg2 Ke6 102. Kf3 Ra4 103. Bf4 Ra3+ 104. Kg4 Rb3 105. Rh5 Rb1 106. Rh6+ Kd5 107. Kf5 Re1 108. Ra6 Kc4 109. Ra3 Re8 110. Be5 Kd5 111. Ra5+ Kc6 112. Ke4 Rg8 113. Ra7 Rd8 114. Rc7+ Kb6 115. Rc2 Kb5 116. Bd4 Re8+ 117. Kd3 Ra8 118. Rc5+ Kb4 119. Rc6 Ra3+ 120. Ke4 Rh3 121. Rc1 Rh4+ 122. Kd5 Rh5+ 123. Be5 Rh3 124. Rc7 Kb3 125. Rb7+ Kc2 126. Rb2+ Kc1 127. Rf2 Kd1 128. Ke4 Ke1 129. Rb2 Kd1 130. Bf4 Rc3 131. Rd2+ Kc1 132. Be3 Kb1 133. Kd4 Rc8 134. Kd3 Rg8 135. Rd1+ Kb2 136. Bd4+ Kb3 137. Rb1+ Ka2 138. Rb7 Rg3+ 139. Kc4 Rb3 140. Rh7 Rg3 141. Rh1 1-0

[Event "IND-ch 59th"]
[Site "New Delhi"]
[Date "2022.12.23"]
[Round "2"]
[White "Sharma, Dinesh Kumar"]
[Black "Aronyak, Ghosh"]
[Result "0-1"]
[WhiteElo "2239"]
[BlackElo "2521"]
[PlyCount "82"]
[EventDate "2022.12.22"]
[EventType "swiss"]
[EventRounds "13"]
[EventCountry "IND"]
[SourceTitle "CBM 211 Extra"]
[Source "ChessBase"]
[SourceDate "2023.01.31"]
[SourceVersion "1"]
[SourceVersionDate "2023.01.31"]
[SourceQuality "1"]

1. e4 c6 2. d4 d5 3. e5 Bf5 4. h4 h5 5. c4 e6 6. Nc3 dxc4 7. Bxc4 Nd7 8. Bg5 Be7 9. Qd2 Qb6 10. Nge2 0-0-0 11. Bxe7 Nxe7 12. Na4 Qc7 13. Qb4 c5 14. Nxc5 Nc6 15. Qa3 Nxc5 16. Qxc5 Nxd4 17. Qxc7+ Kxc7 18. 0-0-0 Nc6 19. Rxd8 Rxd8 20. Ng3 Bg6 21. Rd1 Rxd1+ 22. Kxd1 Nxe5 23. Be2 Ng4 24. Bxg4 hxg4 25. Kd2 e5 26. Nf1 Kd6 27. Ne3 f5 28. Kc3 Ke6 29. g3 Be8 30. b4 Bb5 31. a3 Be2 32. Kd2 Bf3 33. Kd3 f4 34. Nf1 Kd5 35. Kc3 Be2 36. Nd2 b6 37. Nb3 fxg3 38. fxg3 Ke4 39. Kd2 Bb5 40. Ke1 Kf3 41. Nd2+ Kxg3 0-1

[Event "Asian Continental op 19th"]
[Site "Delhi"]
[Date "2022.10.26"]
[Round "1"]
[White "Sharma, Dinesh Kumar"]
[Black "Urazayev, Arystanbek"]
[Result "0-1"]
[WhiteElo "2242"]
[BlackElo "2458"]
[PlyCount "50"]
[EventDate "2022.10.26"]
[EventType "swiss"]
[EventRounds "9"]
[EventCountry "IND"]
[SourceTitle "EXT 2024"]
[Source "ChessBase"]
[SourceDate "2023.10.10"]
[SourceVersion "1"]
[SourceVersionDate "2023.10.10"]
[SourceQuality "1"]

1. d4 Nf6 2. c4 g6 3. Nc3 Bg7 4. e4 d6 5. Nf3 0-0 6. Be2 e5 7. Be3 exd4 8. Nxd4 Re8 9. f3 c6 10. Qd2 d5 11. exd5 cxd5 12. c5 Nbd7 13. c6 Ne5 14. cxb7 Bxb7 15. b3 Nc6 16. Nxc6 Bxc6 17. Bd4 Nh5 18. 0-0 Bxd4+ 19. Qxd4 Ng7 20. Bd3 Ne6 21. Qf2 Nf4 22. Rad1 Qg5 23. h4 Nh3+ 24. Kh2 Nxf2 25. hxg5 Nxd1 0-1

[Event "Raipur Chhattisgarh"]
[Site "Raipur"]
[Date "2022.09.22"]
[Round "4"]
[White "Sharma, Dinesh Kumar"]
[Black "Luong, Phuong Hanh"]
[Result "0-1"]
[WhiteElo "2252"]
[BlackElo "2056"]
[PlyCount "138"]
[EventDate "2022.09.19"]
[EventType "swiss"]
[EventRounds "10"]
[EventCountry "IND"]
[SourceTitle "CBM 210 Extra"]
[Source "ChessBase"]
[SourceDate "2022.11.30"]
[SourceVersion "1"]
[SourceVersionDate "2022.11.30"]
[SourceQuality "1"]

1. Nf3 Nf6 2. c4 g6 3. Nc3 d5 4. cxd5 Nxd5 5. Qa4+ c6 6. Qd4 f6 7. e4 e5 8. Nxe5 Nxc3 9. Qxc3 Qe7 10. Nd3 Qxe4+ 11. Kd1 Bg4+ 12. Kc2 Bf5 13. f3 Qd5 14. Kd1 Nd7 15. Nf4 Qe5 16. d4 Qd6 17. g4 g5 18. Qe3+ Be7 19. gxf5 gxf4 20. Qxf4 Nb6 21. Qxd6 Bxd6 22. Kc2 0-0-0 23. Bh6 Rhg8 24. Re1 Nd5 25. Re4 b5 26. Kb3 Kc7 27. a3 a5 28. Bh3 a4+ 29. Kc2 b4 30. axb4 Nxb4+ 31. Kc3 Rb8 32. Ra1 Nd5+ 33. Kc2 Rb3 34. Bg4 Nb4+ 35. Kc1 Nd3+ 36. Kc2 Nb4+ 37. Kc1 Ra8 38. h3 Nd5 39. Kc2 Rab8 40. Bc1 R8b4 41. Rxa4 Rxb2+ 42. Bxb2 Rxa4 43. h4 Ra8 44. h5 Kd7 45. Bc1 Ra2+ 46. Kb3 Ra1 47. Bd2 Rd1 48. Kc2 Rh1 49. Bh6 Rh2+ 50. Kb3 Rf2 51. Be3 Rf1 52. Bd2 Bc7 53. Bh6 Bb6 54. Bd2 Rf2 55. Bh6 Rg2 56. Bc1 Ba5 57. Bh6 Rg1 58. Kc2 Ra1 59. Kb3 Bb4 60. Kc2 Ra2+ 61. Kb3 Ra3+ 62. Kb2 Rd3 63. Kc2 Rc3+ 64. Kb2 Ba3+ 65. Kb1 Rd3 66. Bf4 Nb4 67. Re1 Rb3+ 68. Ka1 Nc2+ 69. Ka2 Rb2# 0-1

[Event "IND-ch Blitz"]
[Site "Nashik"]
[Date "2022.04.30"]
[Round "4"]
[White "Sharma, Dinesh Kumar"]
[Black "Jeet, Jain"]
[Result "1-0"]
[WhiteElo "2254"]
[BlackElo "2244"]
[PlyCount "114"]
[EventDate "2022.04.30"]
[EventType "swiss (blitz)"]
[EventRounds "11"]
[EventCountry "IND"]
[SourceTitle "CBM 208 Extra"]
[Source "ChessBase"]
[SourceDate "2022.07.31"]
[SourceVersion "1"]
[SourceVersionDate "2022.07.31"]
[SourceQuality "1"]

1. d4 d5 2. Nf3 Nf6 3. c4 e6 4. Nc3 Be7 5. Bg5 h6 6. Bxf6 Bxf6 7. e3 c6 8. Qc2 Nd7 9. 0-0-0 a6 10. e4 Nb6 11. c5 Nd7 12. Bd3 b6 13. cxb6 Nxb6 14. Rhe1 0-0 15. g4 a5 16. Kb1 Ba6 17. Bxa6 Rxa6 18. Na4 Nc4 19. Ka1 Be7 20. b3 Na3 21. Qd3 Ra8 22. Rc1 Rc8 23. Ne5 Qd6 24. Nc5 a4 25. Nxa4 c5 26. Nxc5 Rc7 27. Na4 Rfc8 28. Rxc7 Rxc7 29. Rd1 dxe4 30. Qxe4 Bf6 31. f4 Qb4 32. Qa8+ Kh7 33. Qe4+ g6 34. Qd3 Nb5 35. h4 Be7 36. Nb2 Nc3 37. Rc1 Qa5 38. Na4 Nxa4 39. Rxc7 Qxc7 40. bxa4 Qc1+ 41. Qb1 Qxf4 42. Qd1 Bb4 43. Kb2 Qe3 44. Qd3 Qf2+ 45. Kb3 Bd6 46. Qf3 Qxf3+ 47. Nxf3 f5 48. g5 hxg5 49. hxg5 Kg7 50. Kc4 Kf7 51. Kb5 e5 52. dxe5 Bc7 53. a5 Ke6 54. a6 Bb8 55. Kc6 f4 56. Kb7 Bxe5 57. a7 Kd5 1-0

[Event "IND-ch Blitz"]
[Site "Nashik"]
[Date "2022.04.30"]
[Round "2"]
[White "Sharma, Dinesh Kumar"]
[Black "Karthik, K1111"]
[Result "1-0"]
[WhiteElo "2254"]
[BlackElo "1754"]
[PlyCount "151"]
[EventDate "2022.04.30"]
[EventType "swiss (blitz)"]
[EventRounds "11"]
[EventCountry "IND"]
[SourceTitle "CBM 208 Extra"]
[Source "ChessBase"]
[SourceDate "2022.07.31"]
[SourceVersion "1"]
[SourceVersionDate "2022.07.31"]
[SourceQuality "1"]

1. e4 e6 2. d4 d5 3. Nc3 dxe4 4. Nxe4 Bd7 5. Nf3 Bc6 6. Bd3 Nd7 7. 0-0 Ngf6 8. Ng3 Be7 9. Re1 0-0 10. b3 b6 11. Bb2 Qc8 12. Ne5 Nxe5 13. dxe5 Nd5 14. Qg4 Kh8 15. a3 Bd8 16. Nh5 Rg8 17. c4 Ne7 18. Rad1 Ng6 19. Re3 Re8 20. Rh3 Qb7 21. Nf4 Kg8 22. Nh5 Be7 23. Nf4 Be4 24. Nxg6 Bxg6 25. Bxg6 hxg6 26. Rhd3 Rad8 27. h4 Rxd3 28. Rxd3 Rd8 29. Rxd8+ Bxd8 30. h5 gxh5 31. Qxh5 Qe4 32. Qd1 Bg5 33. g3 g6 34. Bc3 Kg7 35. Qe1 Qxe1+ 36. Bxe1 a6 37. f4 Bh6 38. Bd2 Kg8 39. Kg2 Bf8 40. a4 Bc5 41. Kf3 Kf8 42. Ke4 Ke7 43. g4 Kd7 44. f5 gxf5+ 45. gxf5 Ke7 46. b4 Bf2 47. b5 axb5 48. cxb5 Bc5 49. Bg5+ Kd7 50. Bf6 c6 51. Bg7 cxb5 52. axb5 Bg1 53. Bh6 Bc5 54. Bf4 Bb4 55. Be3 Ba5 56. Bd4 Ke7 57. Kf4 Kd7 58. Kg5 exf5 59. Kxf5 Ke7 60. Be3 Ke8 61. Kf6 Kf8 62. Bf4 Ke8 63. Bh6 Bb4 64. Be3 Ba5 65. Bd4 Kf8 66. e6 fxe6 67. Kxe6 Ke8 68. Kd6 Kd8 69. Kc6 Bd2 70. Kb7 Kd7 71. Bxb6 Bc3 72. Be3 Ba5 73. Ka6 Bd8 74. Bf4 Kc8 75. Be5 Be7 76. b6 1-0

[Event "IND-ch Blitz"]
[Site "Nashik"]
[Date "2022.04.30"]
[Round "9"]
[White "Sharma, Dinesh Kumar"]
[Black "Ravi, Teja Sanka"]
[Result "1-0"]
[WhiteElo "2254"]
[BlackElo "2471"]
[PlyCount "104"]
[EventDate "2022.04.30"]
[EventType "swiss (blitz)"]
[EventRounds "11"]
[EventCountry "IND"]
[SourceTitle "CBM 208 Extra"]
[Source "ChessBase"]
[SourceDate "2022.07.31"]
[SourceVersion "1"]
[SourceVersionDate "2022.07.31"]
[SourceQuality "1"]

1. e4 c6 2. d4 d5 3. e5 Bf5 4. h4 h5 5. Bd3 Bxd3 6. Qxd3 Qa5+ 7. Nd2 e6 8. Ngf3 Nh6 9. 0-0 Nf5 10. c4 Be7 11. g3 Nd7 12. b3 0-0 13. a4 Rfd8 14. Bb2 Qa6 15. Qc2 Rac8 16. c5 b6 17. b4 Rb8 18. Bc3 bxc5 19. bxc5 Rb7 20. Rfb1 Rdb8 21. Rxb7 Rxb7 22. Rb1 Nh6 23. Rxb7 Qxb7 24. Qd3 Ng4 25. Ng5 Nf8 26. Kg2 Nh6 27. Nh3 g6 28. Nf4 Nf5 29. Ne2 Bd8 30. Nc1 f6 31. exf6 Bxf6 32. Ncb3 Qg7 33. f4 Nd7 34. Nf3 Nh6 35. Qa6 Nb8 36. Qc8+ Qf8 37. Qxe6+ Kh7 38. Na5 Ng4 39. f5 gxf5 40. Qxf5+ Kg7 41. Qxh5 Qc8 42. Ne5 Ne3+ 43. Kg1 Qe6 44. Qg6+ Kf8 45. Bd2 Nf5 46. Bh6+ Ke7 47. Bg5 Bxg5 48. Qxg5+ Ke8 49. Qf4 Ne7 50. h5 Qg8 51. h6 Qh7 52. Qe3 Qc2 1-0

[Event "IND-ch Rapid"]
[Site "Nashik"]
[Date "2022.04.28"]
[Round "4"]
[White "Sidhant, Mohapatra"]
[Black "Sharma, Dinesh Kumar"]
[Result "1/2-1/2"]
[WhiteElo "2336"]
[BlackElo "2254"]
[PlyCount "76"]
[EventDate "2022.04.27"]
[EventType "swiss (rapid)"]
[EventRounds "9"]
[EventCountry "IND"]
[SourceTitle "CBM 208 Extra"]
[Source "ChessBase"]
[SourceDate "2022.07.31"]
[SourceVersion "1"]
[SourceVersionDate "2022.07.31"]
[SourceQuality "1"]

1. d4 d5 2. Nf3 Nf6 3. Bf4 c5 4. e3 Nc6 5. Nbd2 cxd4 6. exd4 Qb6 7. Nb3 Bg4 8. Be2 e6 9. 0-0 Be7 10. h3 Bxf3 11. Bxf3 0-0 12. c3 Rac8 13. Qe2 Na5 14. Nxa5 Qxa5 15. Rfc1 Qb6 16. Qc2 h6 17. Qb3 Qa6 18. Re1 Qc6 19. a4 a6 20. Rac1 Bd6 21. Bxd6 Qxd6 22. c4 Rxc4 23. Rxc4 dxc4 24. Qxc4 Nd5 25. Bxd5 exd5 26. Qc3 Qd7 27. b3 Re8 28. Rxe8+ Qxe8 29. g3 b6 30. b4 g6 31. a5 bxa5 32. bxa5 h5 33. h4 Kg7 34. Kg2 Qe4+ 35. Kg1 Qb1+ 36. Kg2 Qe4+ 37. Kg1 Qb1+ 38. Kg2 Qe4+ 1/2-1/2

[Event "IND-ch Rapid"]
[Site "Nashik"]
[Date "2022.04.27"]
[Round "2"]
[White "Karthik, K1111"]
[Black "Sharma, Dinesh Kumar"]
[Result "0-1"]
[WhiteElo "1754"]
[BlackElo "2254"]
[PlyCount "104"]
[EventDate "2022.04.27"]
[EventType "swiss (rapid)"]
[EventRounds "9"]
[EventCountry "IND"]
[SourceTitle "CBM 208 Extra"]
[Source "ChessBase"]
[SourceDate "2022.07.31"]
[SourceVersion "1"]
[SourceVersionDate "2022.07.31"]
[SourceQuality "1"]

1. e4 c5 2. Be2 Nc6 3. f4 g6 4. Nf3 Bg7 5. 0-0 Nf6 6. d3 0-0 7. Kh1 d6 8. c3 Rb8 9. Be3 b5 10. a3 a5 11. Nbd2 b4 12. axb4 axb4 13. d4 cxd4 14. cxd4 d5 15. e5 Ng4 16. Bg1 Nh6 17. Bd3 f6 18. Qe1 fxe5 19. fxe5 Qb6 20. Nb3 Nd8 21. Nc5 Ne6 22. Nxe6 Qxe6 23. Qh4 Re8 24. Ng5 Qg4 25. Qxg4 Bxg4 26. h3 Bf5 27. Bxf5 Nxf5 28. Kh2 Bh6 29. Ne6 Rb6 30. Nc5 Be3 31. Bxe3 Nxe3 32. Rf3 Nf5 33. Rd3 Rc6 34. Ra5 h5 35. Rb5 Ra8 36. Rxb4 h4 37. Rd1 e6 38. Rb7 Rf8 39. b4 Rf7 40. Rb8+ Rf8 41. Rb7 Ra8 42. b5 Rcc8 43. Nxe6 Rc2 44. Nf4 Raa2 45. Rg1 Nxd4 46. Nxd5 Nf3+ 47. Kh1 Nxg1 48. Nf6+ Kf8 49. Rd7 Rf2 50. Kxg1 Rxg2+ 51. Kh1 Rgf2 52. Nh7+ Ke8 0-1